00975nam a2200265 a 450000100100000000500170001000800410002702000150006804000250008308200220010810000410013024500830017126000540025430000200030849000170032850000730034550400300041865000860044865000640053465000210059865000240061965000240064365000230066783000190069000002178620241017090756.0100913s2006 dr 001 0 spa d a9945068105 aDO-SdBNPbspacBNPHU a467.9729383bE79h1 aEstévez Aristy, Justiniano,d1962-10aHuellas aborígenes en el nombre de La Romana /cJustiniano Estévez Aristy. aSanto Domingo :bJunta Cultura Dominicana,c2006. a58 p. ;c22 cm.1 aPedro Mirv1 aIncluye datos biográficos del autor en las solapas de la cubierta. aBibliografía : p. 55-58 4aLinguística antropológicaxHistoriazLa Romana (República Dominicana{Rpara} 4aIndigenas de las antillasxHistoriazRepública Dominicana 4aTainosxHistoria 0aIdentidad colectiva 4aLenguaje e historia 4aLenguaje y lenguas 0aPedro Mir ;n1